| 000 | 00875nam a22001937a 4500 | ||
|---|---|---|---|
| 005 | 20241029144654.0 | ||
| 008 | 230721b ||||| |||| 00| 0 eng d | ||
| 040 | _cSSBUL | ||
| 082 |
_223 _a၂၉၄.၃၄၄၃ မြ _b၁၆၀၃၇ (S-SAT) |
||
| 100 | 0 |
_aဝိပဿနာပါရဂူဆရာကြီး။ _928272 |
|
| 245 | 1 |
_aဝိပဿနာဆရာဖြစ်သင်တန်း / _cဝိပဿနာပါရဂူဆရာကြီး။ |
|
| 250 | _aပဉ္စမအကြိမ်။ | ||
| 260 |
_aရန်ကုန်၊ _bပညာဝေပုလ္လစာအုပ်ဆိုင်၊ _c၁၉၇၅။ |
||
| 300 |
_aတ၊ ၂၇၂ စာမျက်နှာ၊ _c၁၈ စင်တီ။ |
||
| 500 | _aS-SAT: Dr. Sai Aung Tun | ||
| 650 | _aဝိပဿနာ။ | ||
| 650 | _aဗုဒ္ဓဘာသာ။ | ||
| 942 |
_2ddc _cBK1 |
||
| 999 |
_c27435 _d27435 |
||